Movies Quiz

Random Movies or Actor Quiz
Score 0/20 Timer 04:00
0 Plays Today
% Correct
Mrs. Doubtfire
93.2%
The Nutty Professor
84.3%
Willy Wonka and the Chocolate Factory
82.7%
Austin Powers in Goldmember
80.7%
Hairspray
77.8%
Shallow Hal
69.9%
The Santa Clause
67.6%
Fat Albert
66.1%
Dodgeball: A True Underdog Story
59.7%
Big Momma's House
55.4%
% Correct
Madea Goes to Jail
53.8%
Tropic Thunder
52.1%
Mean Girls
50.7%
Click
36.5%
Norbit
33.8%
Just Friends
29.8%
X-Men Origins: Wolverine
23.1%
Adaptation.
22%
Requiem For a Dream
14.4%
Get Smart
13.8%
Remove Ads.
Support Sporcle.
Get the best of Sporcle when you Go Orange. This ad-free experience offers more features, more stats, and more fun while also helping to support Sporcle. Thank you for becoming a member.

You're not logged in!

Compare scores with friends on all Sporcle quizzes.
OR
Log In

Show Comments

Extras

Top Quizzes Today


Score Distribution

Your Account Isn't Verified!

In order to create a playlist on Sporcle, you need to verify the email address you used during registration. Go to your Sporcle Settings to finish the process.

Report this User

Report this user for behavior that violates our Community Guidelines.

Details: